[Event "FIDE World Cup"]
[Site "Khanty-Mansiysk"]
[Date "2005.11.30"]
[Round "2.1"]
[White "Gurevich, Mikhail"]
[Black "Eljanov, Pavel"]
[Result "0-1"]
[WhiteElo "2652"]
[BlackElo "2663"]
[Annotator "Postny,E"]
[PlyCount "86"]
[EventDate "2005.11.27"]
[EventType "k.o."]
[EventRounds "7"]
[EventCountry "RUS"]
[SourceTitle "CBM 111"]
[Source "ChessBase"]
[SourceDate "2006.04.04"]
[SourceVersion "1"]
[SourceVersionDate "2006.04.04"]
[SourceQuality "1"]

1. d4 Nf6 2. c3 {Obviously, white does not pretend for an opening advantage
after this move.} e6 3. Bg5 c5 4. e3 Nc6 5. Nd2 {White is building a Colle
setup, which is very solid and often leads to completely equal positions
without many possibilities for both sides.} cxd4 6. exd4 Be7 7. Ngf3 b6 8. Bd3
Bb7 9. O-O O-O 10. Re1 (10. Qe2 Nd5 11. Bxe7 Ncxe7 12. Be4 Nf4 13. Qd1 Qc7 14.
Re1 f5 15. Bxb7 Qxb7 16. Nc4 Rf6 17. Nce5 g5 18. Nd3 Neg6 19. Nxf4 Nxf4 20. Re3
g4 21. Ne1 Rc8 $36 {0-1 Velikov,P (2455)-Tal,M (2600)/Berlin West 1986/EXT 97 
(61)}) 10... Nd5 11. Bxe7 Ncxe7 12. Ne4 (12. Rc1 Qc7 13. Ne4 Rac8 14. Ng3 Nf4
15. Be4 Neg6 16. a3 b5 17. Bxb7 Qxb7 $11 {1-0 Moiseenko,A (2618)-Pavlovic,M 
(2593)/Plovdiv 2003/CBM 098/[Finkel,A] (40)}) (12. a4 a6 13. g3 Nf6 14. Qe2 Qc7
15. Ne4 Nxe4 16. Bxe4 Nd5 17. Ne5 Nf6 18. Bf3 d6 19. Nd3 Bxf3 20. Qxf3 d5 21.
Ra3 Ne4 22. Qe2 Nd6 23. Ne5 {1/2-1/2 Kovacevic,V (2515)-Lalic,B (2495)/
Sarajevo 1988/CBM 008}) 12... Qc7 13. Bf1 $146 (13. a4 a6 14. Bf1 Ng6 15. g3
Bc6 16. Qd3 b5 17. a5 d6 18. h4 h6 19. h5 Nge7 20. Ned2 Nf6 $19 {[%csl Rh5]
0-1 Muse,D (2412)-Lutz,C (2609)/Luebeck 2001/CBM 082 (37)}) 13... Nf5 14. Ne5 {
Gurevich is provoking d7-d6, which will block for black's queen the diagonal
b8-h2.} d6 15. Nf3 Rad8 16. Qd2 Bc6 17. Rad1 Qb7 18. Bd3 b5 19. Qg5 {This
seemingly active move does not create any threats for black.} h6 20. Qg4 Nfe7
21. Qg3 Nf5 22. Qg4 Nfe7 23. Qg3 {A silent draw offer.} Qd7 $1 {Eljanov avoids
the repetition.} 24. h4 $2 {This move hurts only white.} (24. Ned2 $11) 24...
Ng6 $15 {[%csl Gf4][%cal Gg6f4] Black seizes the initiative.} 25. Qh2 f5 26.
Ned2 Ngf4 27. Bf1 Nh5 {White's queen looks miserable.} 28. Nb3 Rf6 29. Nc1 Ndf4
30. Nd3 (30. Re3 Rg6 31. Ne1 (31. Nd3 Nxg2 $1 32. Bxg2 f4 $19 {[%csl Re3,Rf3]})
31... Qe7 {with the idea of 32...Rg4 winning the Ph4, unless white will play
g2-g3 and lock his own queen on h2 forever...}) 30... Bxf3 31. gxf3 {White's
kingside pawn structure became disastrous.} Rg6+ 32. Kh1 Qb7 33. Re3 Nd5 (33...
Rg4 {appeared two moves later...}) 34. Ree1 Ndf4 35. Re3 Rg4 36. Ne1 $2 ({
It was necessary to play} 36. Nxf4 Nxf4 37. h5 $1 {preventing g7-g5.} (37. Bxb5
$2 Ng6 {[%cal Rg4h4] winning the queen.})) {[%tqu "En","Find a winning move
for Black.","","","g7g5","This move was obviosly overlooked by Gurevich.
White's queen is trapped and he has to give a lot of material to save it.",7]}
36... g5 $1 $19 {This move was obviosly overlooked by Gurevich. White's queen
is trapped and he has to give a lot of material to save it.} 37. hxg5 hxg5 38.
Ng2 Nxg2 39. fxg4 Nxe3+ 40. Kg1 Nxd1 41. Qxh5 Rf8 42. gxf5 Nxf2 43. Bxb5 Nh3+
0-1

[Event "Bundesliga 0607"]
[Site "Germany"]
[Date "2006.11.19"]
[Round "4.4"]
[White "Harikrishna, Pentala"]
[Black "Degraeve, Jean Marc"]
[Result "1-0"]
[WhiteElo "2674"]
[BlackElo "2551"]
[Annotator "Reeh,O"]
[PlyCount "91"]
[EventDate "2006.10.28"]
[EventType "team-tourn"]
[EventRounds "15"]
[EventCountry "GER"]
[SourceTitle "CBM 116"]
[Source "ChessBase"]
[SourceDate "2007.02.01"]
[SourceVersion "1"]
[SourceVersionDate "2007.02.01"]
[SourceQuality "1"]
[WhiteTeam "Baden-Baden"]
[BlackTeam "Remagen"]
[WhiteTeamCountry "GER"]
[BlackTeamCountry "GER"]

1. d4 Nf6 2. Nf3 e6 3. Bg5 c5 4. c3 b6 5. e4 h6 6. Bxf6 Qxf6 7. Nbd2 cxd4 8.
cxd4 Bb4 9. Bd3 Ba6 10. Bxa6 Nxa6 11. O-O Bxd2 12. Qxd2 O-O 13. Ne5 Qe7 14. f4
d6 15. Nd3 f5 16. Rae1 Nc7 17. Qe3 Qd7 18. h3 Rae8 19. Re2 fxe4 20. Qxe4 Nd5
21. Rf3 Nf6 22. Qe3 Nd5 23. Qd2 Re7 24. Qe1 Rf6 25. Re4 Ref7 26. Kh2 Ne7 27.
Qd2 Nf5 28. Nf2 Nh4 29. Rg3 Qb7 30. d5 $1 {Freeing White's play. Befreit das
weiße Spiel.} Qxd5 31. Rd4 Qh5 32. Rxd6 Rxf4 33. Ng4 Kh7 34. Rxe6 Qf5 35. Re5
Qb1 36. Re1 Qf5 37. Ne3 Qd7 38. Qc2+ Kh8 39. Ng4 Qf5 40. Qc6 Kh7 {Not a very
fortunate square for the king as White's next move shows. Kein sehr
glückliches Feld für den König, wie der nächste weiße Zug zeigt.} (40... Rf8 $5
) 41. Re6 $1 {Threatening to strike on h6. Droht einen Einschlag auf h6.} Qh5
42. Ne5 $1 ({Even stronger than Sogar noch stärker als} 42. Nxh6 gxh6 43. Qe8
$1 Ng6 (43... Rg7 44. Qxh5) 44. Rexg6 Qxg6 45. Rxg6 Kxg6) 42... R7f5 43. Ng6 $2
({White had an almost study-like win here: Weiß hatte hier einen nahezu
studienartigen Gewinn:} 43. Qc8 $3 {Threatens 44.Re8. Droht 44.Re8.} Rf8 (43...
Rxe5 44. Qc7 {with a double attack on e5 and g7. mit Doppelangriff gegen e5
und g7.}) (43... Rf2 44. Re8 Rf8 $1 {A tricky resource! Eine trickreiche
Verteidigung!} 45. Qb7 $1 (45. Rxf8 $2 {[%tqu "En","Show the point of Black's
rook sacrifice on the last move.","Black can draw here by force!","","f2g2",
"Very good! Black forces perpetual check!",10,"De","Zeigen Sie die Pointe des
schwarzen Turmopfers im letzten Zug.","Schwarz kann hier forciert remisieren!",
"","f2g2","Sehr gut! Schwarz erwzingt Dauerschach!",10]} Rxg2+ $1 46. Rxg2
Qxe5+ 47. Kh1 (47. Kg1 Qe1+ 48. Rf1 $4 Nf3+ 49. Kh1 Qxf1+) 47... Qe1+ 48. Rg1
Qe4+ 49. Kh2 Qe5+ $11) 45... Nf5 (45... R2f7 46. Qe4+ Nf5 47. Rxf8 Rxf8 48. Rf3
{followed by 49.g4. nebst 49.g4.}) 46. Rxf8 Nxg3 47. Rxf2 Qxe5 48. Qf3 $18) {
[%tqu "En","White's queen is attacked. What do you do?","Try to think of a
mate pattern on the seventh rank.","Sacrifice the queen!","e6e7","Splendid! 
Two rooks on the seventh rank, particularly when supported by a piece or a
pawn, are always very dangerous - here this constellation even leads to mate.",
15,"De","Die weiße Dame ist angegriffen. Was ist zu tun?","Versuchen Sie, ein
Mattmuster auf der siebten Reihe zu konstruieren.","Opfen Sie die Dame!",
"e6e7","Prächtig!  Zwei Türme auf der siebten Reihe, vor allem wenn noch durch
eine weitere Figur oder Bauer unterstützt, sind immer brandgefährlich - hier
führt diese Konstellation sogar zum Matt.",15]} 44. Re7 $3 Rxc8 (44... Qxe5 45.
Qc2+ $1 Qf5 (45... Kh8 46. Rxe5) 46. Rgxg7+ Kh8 47. Rh7+ Kg8 48. Reg7#) 45.
Rgxg7+ Kh8 46. Rh7+ Kg8 47. Reg7+ Kf8 48. Nd7+ Ke8 49. Rh8+ Rf8 50. Rxf8# {
Fantastic! Fantastisch!}) 43... Rf2 $2 ({Following the simple Nach dem
einfachen} 43... Nxg6 44. Rexg6 Rf7 {White would have nothing. hätte Weiß
nichts.}) 44. Nxh4 Qxh4 45. Rg4 Qd8 ({After Nach} 45... Qh5 {White has the
very strong hat Weiß das bärenstarke} 46. Qe4 $1 {followed by 47.Re7. nebst 47.
Re7.}) {[%tqu "En","White's major pieces are menacingly placed. How would you
continue?","Without the rook on e6, the white queen could give a deadly check
on g6.","Strike!","e6h6","Winning on the spot.",10,"De","Die weißen
Schwerfiguren sind bedrohlich in Stellung. Wie würden Sie fortsetzen?","Ohne
den Turm e6 könnte die weiße Dame ein tödliches Schach auf g6 geben.",
"Strike!","e6h6","Gewinnt auf der Stelle.",10]} 46. Rxh6+ $1 {Ripping open
Black's king position. Reißt die schwarze Königsstellung auf.} (46. Rxh6+ {
and Black resigned since he is hopelessly lost: und Schwarz gab auf, denn er
ist hoffnungslos verloren:} Kg8 (46... gxh6 47. Qg6+ Kh8 48. Qg7#) 47. Rxg7+
Kxg7 48. Qg6+ Kf8 49. Rh8+ Ke7 50. Qg7+ Rf7 51. Qe5+) 1-0

[Event "Dubai op 6th"]
[Site "Dubai"]
[Date "2004.04.25"]
[Round "7"]
[White "Mamedyarov, Shakhriyar"]
[Black "Nisipeanu, Liviu Dieter"]
[Result "1/2-1/2"]
[WhiteElo "2657"]
[BlackElo "2692"]
[Annotator "Roiz,M"]
[PlyCount "55"]
[EventDate "2004.04.19"]
[EventType "swiss"]
[EventRounds "9"]
[EventCountry "UAE"]
[SourceTitle "CBM 101"]
[Source "ChessBase"]
[SourceDate "2004.07.27"]
[SourceVersion "1"]
[SourceVersionDate "2004.07.27"]
[SourceQuality "1"]

{[%mdl 12]} 1. d4 Nf6 2. Bg5 e6 3. Nd2 {White chooses a very solid system. He
is not in a hurry to develop his Ng1, as sometimes (especially after d7-d5) he
may successfully exploit an idea of f2-f4.} ({However,the most ambitious and
popular line is:} 3. e4 h6 4. Bxf6 Qxf6 5. Nc3) 3... c5 {There is standard
question in that system: ''is h7-h6 is useful for black?''. The drawback of
h7-h6 is some weakness of the b1-h7 diagonal, which white may exploit by the
way.} ({For example:} 3... h6 4. Bh4 c5 5. e3 Nc6 6. c3 cxd4 7. exd4 Be7 8. Bd3
b6 9. Nc4 d6 10. Ne3 O-O 11. Nf3 Bb7 12. Bc2 Ba6 13. Bxf6 Bxf6 14. d5 Ne7 15.
dxe6 fxe6 16. Qd2 $14 {[%csl Rg6,Rh7] 1-0 Chernin,A-Lautier,J/Bastia 2001/EXT
2002 (65) and black's king-side is seriously compromised by h7-h6.}) 4. e3 cxd4
{It's better to make that exchange at this moment - otherwise white may play 5.
c2-c3 and take with ''c3'' pawn.} 5. exd4 Nc6 {A modern plan of development.
Now after swapping the dark-squared bishops black's knight could be transfered
to g6 or d5 via e7. Another fact which comes to consideration is that black's
knight on c6 somewhat prevents white from advancing his ''a'' pawn(that is a
standard plan of white in that pawn structure).} ({Another possible plan is:} 
5... Be7 6. Ngf3 b6 7. Bd3 Bb7 8. c3 d6 9. O-O (9. Bxf6 Bxf6 10. Qe2 Nd7 11.
O-O-O Qc7 12. g4 h6 13. h4 O-O-O 14. g5 hxg5 15. hxg5 Rxh1 16. Rxh1 Bxd4 17. g6
Bf6 18. gxf7 Ne5 $15 {1/2-1/2 Miladinovic,I-Drasko,M/Lido Estensi 2003/CBM 94
ext (74)}) 9... Nbd7 10. a4 a6 11. Re1 O-O 12. Nc4 Re8 13. Nfd2 Qc7 14. f4 Bf8
15. Re3 g6 16. Qf1 Bg7 17. Rh3 b5 18. Ne3 {1/2-1/2 Spassky,B-Damljanovic,B/
New York op 1987.}) 6. Ngf3 Be7 7. c3 O-O 8. Bd3 {That quiet system can be
arised by different order of moves. The practice shows, that black has a clear
plan of equalizing.} Nd5 {A standard method of equalizing is swapping the
dark-squared bishop. Black simplifies the position and takes control on f4.} 9.
Bxe7 Qxe7 (9... Ncxe7 $5 10. O-O b6 (10... Ng6 11. Re1 b6 12. c4 Nf6 13. b4 Bb7
14. Qb3 Qc7 15. Rac1 Qf4 16. Bf1 Ne4 17. Nxe4 Bxe4 18. Ne5 Bb7 19. Qe3 Qxe3 20.
Rxe3 d6 21. Nxg6 hxg6 $11 {1/2-1/2 Lau,R-Schulzke,E/Absam 2002/EXT 2003 (40)})
11. a4 Bb7 12. a5 Ng6 $11) 10. O-O b6 11. Re1 Bb7 {Black shouldn't play f7-f5
if that is not necessary, as it weakens the dark squares and may cause a
problems with a possible breakthrough in centre by c3-c4 and d4-d5.} ({For
example, white has got a stable advantage after:} 11... f5 12. Bf1 {[%cal
Gc3c4]} Nf6 13. Nc4 Bb7 14. a4 Rfb8 15. Nfe5 Nd5 16. Qd2 $14 {1-0 Belotti,
B-Vezzosi,P/Reggio Emilia 1992/EXT 2000 (50)}) 12. Be4 {The most natural and
common continuation. White neutralizes the pressure of Bb7 over the long
diagonal and prepares c3-c4, so black is practically forced to remove his
knight from the centre.} (12. Bf1 Nf6 13. Bd3 (13. a4 d6 14. Nc4 Qc7 15. Qb3
Na5 16. Nxa5 bxa5 17. Nd2 Rab8 18. Qc4 Qb6 $11 {0-1 Timmer,R-Ligterink,G/
Netherlands 1993/EXT 97 (41)}) 13... Nd5 14. Bf1 Nf6 15. Nc4 d6 16. a4 Qc7 17.
Bd3 {1/2-1/2 Knezevic,M-Vatnikov,J/Prague 1985/MCD (17)}) ({Nothing promises} 
12. c4 Nf6 ({Here} 12... Nf4 $6 {is not correct,as after} 13. Bf1 $14 {[%csl
Rf4][%cal Gg2g3,Gd4d5] white can easily push black's knight.}) 13. d5 (13. a3
d5 $11) 13... Nb4 14. Bf1 Qd6 15. a3 Na6 16. dxe6 dxe6 $11) (12. Ne4 f5 13. Ng3
Qd6 14. Qd2 Nf4 15. Bf1 Ne7 16. Ne5 Neg6 17. Rad1 Qc7 18. f3 Rae8 $11 {1/2-1/2
Sarapu,O-Small,V/Auckland 1992/CBM 29 ext (22)}) (12. Qc2 f5 13. Nc4 Nf4 14.
Bf1 Nb4 15. Qd1 Nbd5 16. Ne3 Nxe3 17. Rxe3 Nd5 18. Re1 g5 19. c4 g4 20. cxd5
gxf3 21. Qxf3 Qf6 22. Bc4 Qxd4 23. Bb3 Qf4 24. Qxf4 Bxd5 {1-0 Skembris,
S-Hadzidakis,M/Halkidiki 2002/CBM 89 ext (24)}) 12... Nf6 13. d5 $1 $146 {
The only attempt to fight for the opening advantage. White is trying to reach
a space advantage at cost of swapping his important bishop.} (13. Bc2 Rac8 14.
Nf1 Na5 (14... d6 15. Ne3 Qc7 $11) 15. N3d2 Nd5 16. Ne3 f5 17. Nxd5 Bxd5 $11 {
1/2-1/2 Knaak,R-Teske,H/Germany 2003/CBM 93 (74)}) 13... Nxe4 14. Nxe4 Nd8 $6 {
The knight has no perspectives here. Now white's goal is to prevent black from
transfering the knight to better place.} ({Better was} 14... Nb8 $142 15. c4
Na6 16. Qd2 (16. Qd3 h6) 16... Rac8 {and black has a good chances for
equalizing.}) 15. Qd3 $6 {It looks like white is provoking a somewhat
weakening move f7-f6. But actually, black has no other way to improve the
placement of his knight, so that is practically a loss of time, as the Qd3 is
not placed ideally.} ({There was a time for profilactic:} 15. c4 $142 f5 (15...
Qb4 $6 16. b3 exd5 $2 17. a3 Qa5 18. b4 Qa6 19. Nd6 $1 dxc4 20. Ne5 $18) (15...
f6 16. Nd4 $1 Rc8 17. b3 Nf7 18. Ng3 $36) 16. Nc3 Nf7 17. Qd2 $14 {and white
has a stable advantage.} (17. Nd4 $143 Qg5)) 15... f6 {Freeing a spot for Nd8.}
(15... Bxd5 $4 16. Neg5 g6 17. Qxd5 $18) 16. c4 Nf7 17. Rac1 {A profilactic
move. Now ''c4'' pawn is well protected. As well,white's rook is placed
ideally for an exchange on d5.} (17. Rad1 Rac8 18. b3 (18. Nc3 Qb4 {[%csl Rc4]
[%cal Gb4c4]}) 18... Qb4 $132 {[%cal Ge6d5]}) (17. Nd4 Rae8 18. Qg3 f5 $1 19.
Nc3 Qf6 $132) 17... Rae8 {Black has completely consolidated his position and
he is already prepared for an exchange in centre. In that case white's pawn d5
may become weak.} ({Deserved attention also} 17... Rac8 $5 18. Nd4 Rfe8 $1 (
18... Ne5 $6 19. Qb3 $14) 19. Qg3 Kh8 $132 {[%cal Ge7b4]}) 18. Nc3 Qc5 {
Now all black's pieces are placed well besides the bishop.} 19. a3 {[%cal
Gb2b4]} exd5 20. cxd5 (20. Nxd5 Rxe1+ 21. Rxe1 Bxd5 22. cxd5 (22. Qxd5 $6 Qxd5
23. cxd5 Rc8 $15) 22... Ne5 23. Nxe5 fxe5 $11) 20... Ne5 (20... a6 21. Red1 Qd6
22. Ne4 Qf4 23. Rc4 Ne5 24. Nxe5 Qxe5 $11 {[%csl Rd5]}) (20... Qd6 $5) 21. Nxe5
Rxe5 22. Rxe5 fxe5 $11 {Now white has to play accurately, as black's pieces
are very active and puts pressure on white's pawns d5 and f2.} 23. Qd2 h6 (
23... Rf4 24. Qe3 d6 25. b4 Qxe3 (25... Qd4 26. Rd1 $11) 26. fxe3 Rc4 27. e4
$11) 24. Re1 {White needs a targets for an attack in order to avoid a passive
position.} Qd4 {Forcing an equal endgame.} (24... d6 25. Ne4 Qc7 26. Rc1 Qd7
27. f3 $11) 25. Qxd4 exd4 26. Nb5 d3 27. Nc3 d2 {Otherwise white will activate
his king and ''d3'' pawn may become weak.} 28. Re4 (28. Rd1 Re8 29. f3 Bxd5 30.
Rxd2 $11) (28. Re4 Bxd5 29. Rd4 $11) 1/2-1/2